000 00527nam a2200169Ia 4500
008 230917s9999||||xx |||||||||||||| ||und||
020 _cRS 1295.00
040 _e5013928
_aMAIN
041 _aEnglish
082 _a791.430954 C393S
100 _aChaubey, Ajay K, ed.
245 0 _aSouth Asian diasporic cinema and theatre: Re-visiting screen and stage in the new millennium
260 _aJaipur
_bRawat Publications
_c2017
300 _axi, 347 p.
500 _a4351 10/01/2022 HBD22/9189 15/01/2022 Main Budget
942 _cBK
999 _c4361
_d4361